Holiday Quiz

Random Holiday or Food Quiz
Score 0/10 Timer 00:30
15 Plays Today
% Correct
Green Beans
96.6%
1621
95.5%
Pumpkin
95%
Apple
94.9%
Dallas Cowboys
94.6%
Pecan
94.4%
Detroit Lions
94.3%
French Fried Onions
93.6%
Cream of Mushroom Soup
90.7%
Milk
88.4%
Remove Ads.
Support Sporcle.
Get the best of Sporcle when you Go Orange. This ad-free experience offers more features, more stats, and more fun while also helping to support Sporcle. Thank you for becoming a member.

You're not logged in!

Compare scores with friends on all Sporcle quizzes.
OR
Log In

Show Comments

Extras

Top Quizzes Today


Score Distribution

Your Account Isn't Verified!

In order to create a playlist on Sporcle, you need to verify the email address you used during registration. Go to your Sporcle Settings to finish the process.

Report this User

Report this user for behavior that violates our Community Guidelines.

Details: